Memoria / Escuela de Administración de Empresas
Descripción Física:
2 v. ; 19 cm
MARC
| LEADER | 00000nam a2200000Ia 4500 | ||
|---|---|---|---|
| 001 | 10049, 10050 | ||
| 008 | 160829s9999 xx 000 0 cat d | ||
| 080 | |a E-1-151, E-1-152 | ||
| 110 | 2 | |a Escuela de Administración de Empresas de Barcelona |9 54864 | |
| 245 | |a Memoria / Escuela de Administración de Empresas | ||
| 260 | |a Barcelona : |b [la Escuela], [1980 - 1983] | ||
| 300 | |a 2 v. ; |c 19 cm | ||
| 650 | |a Escuela de Administración de Empresas de Barcelona |x Memòries |9 23981 | ||
| 866 | |a 1979-1980, 1981-1982 | ||
| 901 | |a Arxiu | ||
| 942 | |n 1 | ||
| 952 | |0 0 |1 0 |4 0 |6 E1151_E1152 |7 1 |9 42938 |a Arxiu |b Arxiu |d 2016-12-01 |l 0 |o E-1-151, E-1-152 |p 10049, 10050 |r 2016-12-01 00:00:00 |w 2016-12-01 |y ARXIU | ||
| 999 | |c 45444 |d 45444 | ||